Statistics for Countries with embassies and consulates in Palestine

Click here to take the quiz!

General Stats

  • This quiz has been taken 89 times
  • The average score is 15 of 31

Answer Stats

ContinentCountry% Correct
South AmericaBrazil
94%
South AmericaArgentina
92%
South AmericaChile
84%
AsiaChina
79%
Asia/ EuropeRussia
76%
AfricaEgypt
71%
South AmericaVenezuela
71%
AsiaIndia
65%
South AmericaUruguay
61%
South AmericaEcuador
60%
AsiaUnited Arab Emirates
53%
AsiaJordan
50%
AsiaQatar
48%
South AmericaGuyana
47%
AsiaOman
47%
EuropeUkraine
45%
EuropeBulgaria
44%
North AmericaEl Salvador
40%
EuropeHungary
40%
EuropePoland
39%
EuropeRomania
39%
AfricaMorocco
35%
AfricaSouth Africa
35%
AfricaTunisia
35%
EuropeCzech Republic
34%
North AmericaDominican Republic
34%
North AmericaHonduras
34%
AsiaSouth Korea
29%
EuropeCyprus
26%
EuropeMalta
13%
AsiaSri Lanka
8%

Score Distribution

Percentile by Number Answered

Percent of People with Each Score

Your Score History

You have not taken this quiz